Taylor Swift - The Life Of A Showgirl (Full Lyrics) - Statistics

General Stats
  • This quiz has been taken 22 times
  • The average score is 408 of 484
Answer Stats
Answer % Correct
a
100%
an
100%
and
100%
And
100%
Her
100%
her
100%
I
100%
in
100%
she
100%
She
100%
the
100%
The
100%
do
94%
Do
94%
don't
94%
ever
94%
for
94%
gonna
94%
Hey
94%
it
94%
know
94%
life
94%
love
94%
me
94%
men
94%
my
94%
name
94%
never
94%
of
94%
Of
94%
said
94%
show
94%
showgirl
94%
so
94%
So
94%
Then
94%
then
94%
to
94%
was
94%
Who
94%
you
94%
You
94%
you're
94%
You're
94%
all
89%
babe
89%
being
89%
bouquet
89%
But
89%
did
89%
Kitty
89%
like
89%
lovely
89%
Made
89%
money
89%
now
89%
Now
89%
oh
89%
play
89%
pretty
89%
than
89%
thank
89%
Thank
89%
that
89%
They
89%
they
89%
We
89%
witty
89%
have
83%
kitten
83%
mine
83%
peach
83%
softer
83%
took
83%
up
83%
Wait
83%
waited
83%
wanna
83%
what
83%
around
78%
baby
78%
city
78%
dead
78%
didn't
78%
door
78%
family
78%
gave
78%
keys
78%
more
78%
mother
78%
not
78%
out
78%
say
78%
stage
78%
sweeter
78%
that's
78%
That's
78%
this
78%
way
78%
with
78%
any
72%
by
72%
course
72%
dream
72%
every
72%
father
72%
I'd
72%
I'm
72%
knew
72%
leave
72%
legitly
72%
living
72%
menace
72%
much
72%
other
72%
Sabrina
72%
take
72%
Taylor
72%
50
67%
bought
67%
bruise
67%
came
67%
dance
67%
expect
67%
fishnets
67%
from
67%
get
67%
ice
67%
inside
67%
Lenox
67%
make
67%
missteps
67%
neck
67%
off
67%
on
67%
pay
67%
pearls
67%
played
67%
She's
67%
tennis
67%
ticket
67%
us
67%
whored
67%
Wouldn't
67%
zero
67%
are
61%
as
61%
back
61%
couldn't
61%
die
61%
Give
61%
guess
61%
if
61%
I'll
61%
married
61%
night
61%
pills
61%
skate
61%
taste
61%
them
61%
veins
61%
wisdom
61%
another
56%
away
56%
band
56%
Barking
56%
bitches
56%
cast
56%
dancers
56%
dancing
56%
dues
56%
false
56%
forever
56%
hurry
56%
hustle
56%
immortal
56%
kismet
56%
lashes
56%
Looking
56%
magnificent
56%
our
56%
paid
56%
showgirls
56%
threw
56%
try
56%
Wow
56%
arrived
50%
autograph
50%
cigarette
50%
club
50%
dolls
50%
end
50%
garters
50%
Hang
50%
hidden
50%
lace
50%
lipstick
50%
Pain
50%
ripped
50%
sell
50%
Sequins
50%
soul
50%
wish
50%
glowing
44%
hall
44%
headshots
44%
hounds
44%
Packed
44%
promoter
44%
walls
44%
will
44%
Goodnight
39%
see
39%
time
39%
next
33%
unforgettable
33%
No matching quizzes found
Score Distribution
Percent of People with Each Score
Percentile by Number Answered
Your Score History
You have not taken this quiz